00574nam a22001577a 4500003000400000005001700004008004100021020001900062020002800081040000800109050002300117100003000140245011100170260009700281300003800378OSt20240207143445.0240207b xxu||||| |||| 00| 0 eng d a0307020193 020 a 0307602788 (lib. bdg.) cDLC a PZ7b.S9819 1985 aSwindler, Lauren Collier. a Big Bird brings spring to Sesame Street / c by Lauren Collier Swindler ; illustrated by Marsha Winborn ; a[New York] : bWestern Pub. Co. in conjunction with Children's Television Workshop, cc1985. a [24] p. : b col. ill. ;c20 cm.